Tření ve stykové spáře dvoutrámových roštů zatížených osamělým břemenem

Bibliographic Details
Main Author: Marek, Vladimír (Author)
Format: Article
Language:Czech
PhysicalDescription:Grafy 13. Sch. 1. Res. rus., angl., lit. 5 zázn. v slov., češ.
Subjects:

MARC

LEADER 00000nab a2200000 a 4500
001 vtls000373018
003 SK-MaSNL
005 20260304224859.0
008 230223c1989 xo 0 cze
015 |a SNBRB19rr/mm-uuuuu 
035 |a CL0373140 
035 |a (urnnbn)urn:nbn:sk:snk:ar-006i1o 
035 |a (uuid)e5b8a513-e495-4702-86a0-1fd7ea658672 
035 |a urn:nbn:sk:snk-ab85uq 
040 |a SNKBUCL  |b slo  |c SNKBUCL  |e AACR2 
041 0 |a cze 
044 |a xo  |c SK 
080 |a 624.072.2  |2 1981 
080 |a 624.041.65  |2 1981 
080 |a 539.385  |2 1981 
100 1 |a Marek, Vladimír  |4 aut  |9 575091 
245 1 0 |a Tření ve stykové spáře dvoutrámových roštů zatížených osamělým břemenem  |c Vladimír Marek 
300 |b Grafy 13. Sch. 1. Res. rus., angl., lit. 5 zázn. v slov., češ. 
650 0 7 |a stavebné konštrukcie  |2 snkbucl  |9 3695 
650 0 7 |a rošty dvojtrámové (stav.)  |2 snkbucl  |9 1115043 
655 7 |a články z novín a časopisov  |2 snkbucl  |9 267496 
773 0 |t Stavebnícky časopis  |g Roč. 37, č. 11 (1989), s. 825-848 
850 |a Slovenská národná knižnica v Martine  |a MTA001 
852 |a SNK  |b KIS3GCP 
958 |a NB 
958 |a RK 
958 |a CZ 
958 |a OND 
958 |a EUIPO 
958 |a article9 
992 |a RBX 
999 |c 3174628  |d 3176558